000 00898nam a2200241Ia 4500
003 GCL
008 140319s9999 xx 000 0 ara d
020 _a4322114977
040 _aGCL /
_cGCL
082 0 4 _a189.19
_bح ف
100 1 _aحامد طاهر
245 1 0 _aالفلسفة الاسلامية فى العصر الحديث /
_cحامد طاهر
250 _aالاولى
260 _aالقاهرة :
_bنهضة مصر للطباعة والنشر والتوزيع ،
_c2005
300 _a287 ص ؛
_c24 سم
650 0 4 _aالفلسفة الاسلامية
650 0 4 _aالحركات الفكرية عند المسلمين
650 0 4 _aالاستشراق والمستشرقون
650 0 4 _aالفلسفة الاسلامية - تاريخ
650 0 4 _aالفلسفة - مذاهب
650 0 4 _aالفلسفة الاسلامية - العصر الحديث
942 _2ddc
_cBK
999 _c8713
_d8713